[Event "Pan American-ch Seniors 65"]
[Site "Lima"]
[Date "2023.05.01"]
[Round "9"]
[White "Fuentes, Moises"]
[Black "Santiso, Daniel"]
[Result "1-0"]
[WhiteElo "2131"]
[BlackElo "1847"]
[PlyCount "63"]
[EventDate "2023.04.26"]
[EventType "swiss"]
[EventRounds "9"]
[EventCountry "PER"]
[SourceTitle "CBM 214 Extra"]
[Source "ChessBase"]
[SourceDate "2023.07.31"]
[SourceVersion "1"]
[SourceVersionDate "2023.07.31"]
[SourceQuality "1"]

1. e4 c6 2. d4 g6 3. Nc3 Bg7 4. Nf3 d5 5. h3 dxe4 6. Nxe4 Nd7 7. Bc4 Nb6 8. Bb3 Nd5 9. 0-0 Ngf6 10. Ng3 0-0 11. Re1 h6 12. c3 Qd6 13. Qd3 Be6 14. Bd2 Rad8 15. Rad1 Nc7 16. Qe2 Bxb3 17. axb3 Ne6 18. b4 a6 19. Ne5 Nd5 20. Qg4 Ng5 21. Bxg5 hxg5 22. Ne4 Nf6 23. Nxd6 Nxg4 24. Nxb7 Nxe5 25. Nxd8 Rxd8 26. dxe5 Rb8 27. Re2 Rb5 28. Rd8+ Kh7 29. Re8 Rb7 30. Rc8 Rb6 31. Rc7 Bf8 32. Rd2 1-0

[Event "Pan American-ch Seniors 65"]
[Site "Lima"]
[Date "2023.04.27"]
[Round "2"]
[White "Fuentes, Moises"]
[Black "Bermudes, Eduardo"]
[Result "1-0"]
[WhiteElo "2131"]
[BlackElo "2035"]
[PlyCount "45"]
[EventDate "2023.04.26"]
[EventType "swiss"]
[EventRounds "9"]
[EventCountry "PER"]
[SourceTitle "CBM 214 Extra"]
[Source "ChessBase"]
[SourceDate "2023.07.31"]
[SourceVersion "1"]
[SourceVersionDate "2023.07.31"]
[SourceQuality "1"]

1. e4 e5 2. Nf3 Nf6 3. d3 Nc6 4. g3 d5 5. exd5 Qxd5 6. Nc3 Bb4 7. Bg2 Bg4 8. 0-0 Qd7 9. Qe1 Qf5 10. Nxe5 Nxe5 11. f4 Qe6 12. fxe5 Nd7 13. Qe4 Bxc3 14. bxc3 c6 15. Ba3 h5 16. Rab1 Qxa2 17. Bd6 Nb6 18. c4 Qxc2 19. c5 Nd5 20. Rxb7 Be6 21. Qh4 f6 22. exf6 gxf6 23. Bxd5 1-0

[Event "PER-ch Seniors"]
[Site "Lima"]
[Date "2018.12.30"]
[Round "7"]
[White "Fuentes, Moises"]
[Black "Campossano Camo, Rodrigo"]
[Result "1/2-1/2"]
[WhiteElo "2171"]
[BlackElo "2062"]
[PlyCount "62"]
[EventDate "2018.12.26"]
[EventType "swiss"]
[EventRounds "7"]
[EventCountry "PER"]
[SourceTitle "EXT 2021"]
[Source "ChessBase"]
[SourceDate "2020.10.23"]
[SourceVersion "1"]
[SourceVersionDate "2020.10.23"]
[SourceQuality "1"]

1. e4 d6 2. Nc3 Nf6 3. g3 g6 4. Bg2 Bg7 5. Nge2 0-0 6. 0-0 e5 7. h3 c6 8. d4 exd4 9. Nxd4 Re8 10. Re1 Na6 11. Bf4 Nh5 12. Be3 Nc5 13. Qd2 Nf6 14. Bg5 Qb6 15. Nb3 Ne6 16. Be3 Qc7 17. Rad1 Rd8 18. a4 d5 19. Qc1 Nxe4 20. Nxe4 dxe4 21. Bxe4 Re8 22. Bg2 b6 23. Bf4 Qb7 24. Nd4 Bd7 25. Nxe6 Bxe6 26. c4 Rad8 27. b3 Qc8 28. h4 h5 29. Bg5 Rxd1 30. Rxd1 Bg4 31. Rd6 c5 1/2-1/2

[Event "PER-ch Seniors"]
[Site "Lima"]
[Date "2018.12.27"]
[Round "3"]
[White "Fuentes, Moises"]
[Black "Reyes la Rosa, Juan"]
[Result "0-1"]
[WhiteElo "2171"]
[BlackElo "1906"]
[PlyCount "70"]
[EventDate "2018.12.26"]
[EventType "swiss"]
[EventRounds "7"]
[EventCountry "PER"]
[SourceTitle "EXT 2021"]
[Source "ChessBase"]
[SourceDate "2020.10.23"]
[SourceVersion "1"]
[SourceVersionDate "2020.10.23"]
[SourceQuality "1"]

1. e4 c5 2. Nf3 g6 3. d4 cxd4 4. Nxd4 Bg7 5. Nc3 Nc6 6. Be3 Nf6 7. Bc4 0-0 8. Bb3 d6 9. f3 Bd7 10. Qd2 Nxd4 11. Bxd4 b5 12. 0-0 a5 13. a4 b4 14. Nd5 Nxd5 15. exd5 Rb8 16. Rfe1 Re8 17. Bxg7 Kxg7 18. Re2 Qb6+ 19. Kh1 Bf5 20. Rae1 Rb7 21. Bc4 Rc7 22. b3 h6 23. h4 h5 24. Qf4 Bc8 25. Bb5 e5 26. dxe6 Rxe6 27. Rxe6 fxe6 28. Bd3 Rf7 29. Qg5 Rf6 30. Re4 e5 31. f4 Bf5 32. fxe5 dxe5 33. Re3 Qd6 34. Rg3 e4 35. Be2 Bg4 0-1

[Event "PER-ch Seniors"]
[Site "Lima"]
[Date "2018.12.26"]
[Round "1"]
[White "Fuentes, Moises"]
[Black "Beyer Lecaros, Alfredo Jose"]
[Result "1-0"]
[WhiteElo "2171"]
[BlackElo "1903"]
[PlyCount "85"]
[EventDate "2018.12.26"]
[EventType "swiss"]
[EventRounds "7"]
[EventCountry "PER"]
[SourceTitle "EXT 2021"]
[Source "ChessBase"]
[SourceDate "2020.10.23"]
[SourceVersion "1"]
[SourceVersionDate "2020.10.23"]
[SourceQuality "1"]

1. e4 Nc6 2. Nf3 e5 3. Bb5 f5 4. d3 fxe4 5. dxe4 Nf6 6. 0-0 Bc5 7. Nc3 d6 8. Bg5 h6 9. Bxf6 Qxf6 10. Nd5 Qd8 11. b4 Bb6 12. a4 a6 13. Bc4 Bg4 14. a5 Ba7 15. c3 Rf8 16. Be2 Ne7 17. Ne3 Bxe3 18. fxe3 Ng8 19. Nxe5 Rxf1+ 20. Qxf1 dxe5 21. Bxg4 Nf6 22. Bf5 Qd6 23. Rd1 Qc6 24. Qd3 b6 25. g4 g5 26. axb6 Qxb6 27. Qc4 Ke7 28. Kf2 a5 29. Ra1 a4 30. Ke2 h5 31. gxh5 Nxh5 32. Qd5 Rd8 33. Qxe5+ Kf7 34. Rf1 Nf6 35. Bg4 Rd6 36. Bh5+ Kf8 37. Qe8+ Kg7 38. Qg6+ Kh8 39. Qh6+ Kg8 40. Qxg5+ Kf8 41. Qg6 Ke7 42. Rxf6 Rxf6 43. Qe8+ 1-0

[Event "PER-ch"]
[Site "Lima"]
[Date "2017.03.02"]
[Round "3"]
[White "Fuentes, Moises"]
[Black "Roman, Juan Daniel"]
[Result "1-0"]
[WhiteElo "2182"]
[BlackElo "1694"]
[PlyCount "69"]
[EventDate "2017.03.01"]
[EventType "swiss"]
[EventRounds "9"]
[EventCountry "PER"]
[SourceTitle "CBM 177 Extra"]
[Source "ChessBase"]
[SourceDate "2017.04.27"]
[SourceVersion "1"]
[SourceVersionDate "2017.04.27"]
[SourceQuality "1"]

1. e4 Nf6 2. Nc3 d5 3. exd5 Nxd5 4. Nf3 Bf5 5. Bc4 Nxc3 6. bxc3 e6 7. Nd4 Be4 8. 0-0 Bc5 9. Re1 Bd5 10. Nxe6 fxe6 11. Qh5+ Kd7 12. Bxd5 exd5 13. Qxd5+ Bd6 14. Qe6+ Kc6 15. Qe4+ Kd7 16. Qf5+ Kc6 17. Rb1 a6 18. Qe4+ Kd7 19. Qg4+ Kc6 20. Qa4+ b5 21. Qe4+ Kd7 22. Qxa8 Rf8 23. Qe4 Qf6 24. Re2 Nc6 25. d4 h6 26. Bd2 Qf7 27. Qg4+ Kd8 28. Qe6 Qh5 29. g3 Ne7 30. Rbe1 Rf6 31. Qe4 c6 32. Qh7 Qf7 33. Qh8+ Kd7 34. Qa8 Qxa2 35. Qb7+ 1-0

[Event "PER-ch"]
[Site "Lima"]
[Date "2017.03.02"]
[Round "4"]
[White "Guevara, Jose"]
[Black "Fuentes, Moises"]
[Result "0-1"]
[WhiteElo "1861"]
[BlackElo "2182"]
[PlyCount "64"]
[EventDate "2017.03.01"]
[EventType "swiss"]
[EventRounds "9"]
[EventCountry "PER"]
[SourceTitle "CBM 177 Extra"]
[Source "ChessBase"]
[SourceDate "2017.04.27"]
[SourceVersion "1"]
[SourceVersionDate "2017.04.27"]
[SourceQuality "1"]

1. d4 Nf6 2. Nf3 g6 3. Bf4 Bg7 4. Nbd2 0-0 5. e3 d6 6. Be2 Nbd7 7. h3 b6 8. 0-0 Bb7 9. Bh2 Re8 10. c4 a5 11. Rc1 e5 12. b3 Qe7 13. dxe5 dxe5 14. Qc2 Rad8 15. Rfd1 h5 16. c5 Nxc5 17. Nxe5 Nd5 18. Ndf3 Nb4 19. Nxg6 Rxd1+ 20. Bxd1 Qf6 21. Qc4 Qxg6 22. Bxc7 Ncd3 23. Qb5 Rc8 24. Rc4 Nb2 25. Nh4 Qb1 26. Kh2 Nxc4 27. Bxh5 Nd2 28. Bxf7+ Kxf7 29. Qd7+ Kg8 30. Qxd2 Qd3 31. Qxd3 Nxd3 32. Bxb6 Nxf2 0-1

[Event "PER-ch"]
[Site "Lima"]
[Date "2015.05.01"]
[Round "3"]
[White "Fuentes, Moises"]
[Black "Cori Tello, Deysi Estella"]
[Result "0-1"]
[WhiteElo "2258"]
[BlackElo "2441"]
[PlyCount "67"]
[EventDate "2015.04.30"]
[EventType "swiss"]
[EventRounds "8"]
[EventCountry "PER"]
[SourceTitle "CBM 166 Extra"]
[Source "ChessBase"]
[SourceDate "2015.06.18"]
[SourceVersion "1"]
[SourceVersionDate "2015.06.18"]
[SourceQuality "1"]

1. e4 c5 2. Nf3 e6 3. d4 cxd4 4. Nxd4 Nc6 5. Nxc6 bxc6 6. Bd3 d5 7. 0-0 Nf6 8. Nd2 Bd6 9. Qe2 Qc7 10. h3 0-0 11. c4 Bb7 12. Re1 e5 13. b3 a5 14. cxd5 cxd5 15. Bb2 Rfe8 16. Rac1 Qb8 17. Red1 Bb4 18. exd5 Nxd5 19. Be4 Nf4 20. Qf3 Bxe4 21. Qxe4 Ra6 22. Nf3 Rg6 23. Bxe5 Nxh3+ 24. Kf1 Qb5+ 25. Qc4 Qb7 26. Qd5 Qa6+ 27. Qc4 Qb7 28. Qd5 Qxd5 29. Rxd5 Ng5 30. Nd4 Rh6 31. Kg1 Rh5 32. Rd1 f6 33. g4 Nh3+ 34. Kg2 0-1

[Event "PER-ch"]
[Site "Lima"]
[Date "2015.05.01"]
[Round "4"]
[White "Silva Bocanegra, Miguel"]
[Black "Fuentes, Moises"]
[Result "1-0"]
[WhiteElo "1869"]
[BlackElo "2258"]
[PlyCount "40"]
[EventDate "2015.04.30"]
[EventType "swiss"]
[EventRounds "8"]
[EventCountry "PER"]
[SourceTitle "CBM 166 Extra"]
[Source "ChessBase"]
[SourceDate "2015.06.18"]
[SourceVersion "1"]
[SourceVersionDate "2015.06.18"]
[SourceQuality "1"]

1. e4 c5 2. c3 Nf6 3. e5 Nd5 4. d4 cxd4 5. Nf3 e6 6. cxd4 d6 7. Nc3 Nxc3 8. bxc3 Qc7 9. Bd2 Nd7 10. Bb5 a6 11. Bxd7+ Bxd7 12. 0-0 Bc6 13. Re1 Be7 14. Bf4 0-0 15. Qd3 Bxf3 16. Qxf3 dxe5 17. Bxe5 Qd7 18. Qg4 g6 19. Re3 Rac8 20. h4 h5 1-0

[Event "PER-ch"]
[Site "Lima"]
[Date "2015.04.30"]
[Round "2"]
[White "Santiago Vilca, Christian Amilca"]
[Black "Fuentes, Moises"]
[Result "0-1"]
[WhiteElo "1890"]
[BlackElo "2258"]
[PlyCount "76"]
[EventDate "2015.04.30"]
[EventType "swiss"]
[EventRounds "8"]
[EventCountry "PER"]
[SourceTitle "CBM 166 Extra"]
[Source "ChessBase"]
[SourceDate "2015.06.18"]
[SourceVersion "1"]
[SourceVersionDate "2015.06.18"]
[SourceQuality "1"]

1. d4 Nf6 2. c4 c5 3. d5 e6 4. Nc3 exd5 5. cxd5 d6 6. Nf3 Be7 7. e4 Nbd7 8. Bd3 a6 9. a4 0-0 10. 0-0 Re8 11. Re1 Ng4 12. Bf4 Bf8 13. Bg3 Nde5 14. Nxe5 Nxe5 15. Bc2 g5 16. Bxe5 Rxe5 17. Bd3 Bg7 18. Be2 f5 19. exf5 Bxf5 20. Qd2 Qf6 21. Bh5 Qh6 22. Bf3 Rae8 23. Rxe5 Rxe5 24. h3 Qg6 25. Qd1 Qe8 26. Qd2 h6 27. Kf1 Re7 28. Rc1 b5 29. axb5 axb5 30. Nd1 Bd4 31. Nc3 b4 32. Ne2 Be5 33. Ng3 Bg6 34. Ne2 Qb5 35. Kg1 Qd3 36. Qxd3 Bxd3 37. b3 Ra7 38. Rd1 Bc2 0-1

[Event "Lima Castaneda Memorial op"]
[Site "Lima"]
[Date "2007.03.20"]
[Round "2"]
[White "Fuentes, Moises"]
[Black "Barahona, Cesar"]
[Result "1-0"]
[WhiteElo "2289"]
[BlackElo "2097"]
[PlyCount "41"]
[EventDate "2007.03.19"]
[EventType "swiss"]
[EventRounds "7"]
[EventCountry "PER"]
[SourceTitle "CBM 117 Extra"]
[Source "ChessBase"]
[SourceDate "2007.05.09"]
[SourceVersion "1"]
[SourceVersionDate "2007.05.09"]
[SourceQuality "1"]

1. Nf3 c5 2. g3 Nc6 3. c4 g6 4. Bg2 Bg7 5. 0-0 Nf6 6. Nc3 0-0 7. d4 cxd4 8. Nxd4 Nxd4 9. Qxd4 d6 10. Bg5 a6 11. Rac1 Rb8 12. Rfd1 Be6 13. Qh4 b5 14. c5 b4 15. Ne4 d5 16. c6 Qa5 17. Nxf6+ exf6 18. Bxf6 Qxa2 19. Bxg7 Kxg7 20. c7 Rb5 21. Bh3 1-0

[Event "Lima schev"]
[Site "Lima"]
[Date "2000.??.??"]
[Round "?"]
[White "Fuentes, Moises"]
[Black "Cabrera Pino, Alexis"]
[Result "0-1"]
[WhiteElo "2305"]
[BlackElo "2407"]
[PlyCount "36"]
[EventDate "2000.??.??"]
[EventType "schev"]
[EventRounds "10"]
[EventCountry "PER"]
[SourceTitle "EXT 2002"]
[Source "ChessBase"]
[SourceDate "2001.11.25"]
[SourceVersion "1"]
[SourceVersionDate "2001.11.25"]
[SourceQuality "1"]

1. e4 c5 2. Nf3 d6 3. d4 cxd4 4. Nxd4 Nf6 5. Nc3 a6 6. Bg5 e6 7. f4 Qc7 8. Bd3 Nbd7 9. Qe2 b5 10. 0-0-0 b4 11. Nd5 exd5 12. exd5+ Be7 13. Rhe1 0-0 14. Qxe7 Re8 15. Qxe8+ Nxe8 16. Rxe8+ Nf8 17. Rde1 Qb7 18. R1e7 Qb6 0-1

[Event "PER-ch 44th"]
[Site "Peru"]
[Date "1996.??.??"]
[Round "11"]
[White "Fuentes, Moises"]
[Black "Belli, Mario"]
[Result "0-1"]
[WhiteElo "2385"]
[BlackElo "2430"]
[PlyCount "74"]
[EventDate "1996.??.??"]
[EventType "tourn"]
[EventRounds "11"]
[EventCountry "PER"]
[SourceTitle "EXT 1999"]
[Source "ChessBase"]
[SourceDate "1998.11.16"]
[SourceVersion "1"]
[SourceVersionDate "1998.11.16"]
[SourceQuality "1"]

1. e4 d6 2. d4 g6 3. Nc3 Bg7 4. Be3 c6 5. Qd2 Nf6 6. Bh6 0-0 7. Bxg7 Kxg7 8. Nf3 Bg4 9. h3 Bxf3 10. gxf3 e5 11. 0-0-0 Nbd7 12. dxe5 dxe5 13. f4 exf4 14. Qxf4 Qa5 15. Be2 Rae8 16. Rd6 Re6 17. Rxe6 fxe6 18. Bc4 e5 19. Qe3 Qc5 20. Qe2 Nh5 21. Rd1 Nb6 22. Bb3 Qxf2 23. Qg4 Qf4+ 24. Kb1 Qxg4 25. hxg4 Ng3 26. a4 Rf1 27. Rxf1 Nxf1 28. a5 Nd7 29. Be6 Nc5 30. Bc8 b6 31. axb6 axb6 32. b4 Nd2+ 33. Kc1 Ncxe4 34. Nxe4 Nxe4 35. Bb7 Nf6 36. Bxc6 Nxg4 37. c4 Ne3 0-1

[Event "PER-ch 44th"]
[Site "Peru"]
[Date "1996.??.??"]
[Round "2"]
[White "Granda Zuniga, Julio E"]
[Black "Fuentes, Moises"]
[Result "1-0"]
[WhiteElo "2600"]
[BlackElo "2385"]
[PlyCount "61"]
[EventDate "1996.??.??"]
[EventType "tourn"]
[EventRounds "11"]
[EventCountry "PER"]
[SourceTitle "EXT 1999"]
[Source "ChessBase"]
[SourceDate "1998.11.16"]
[SourceVersion "1"]
[SourceVersionDate "1998.11.16"]
[SourceQuality "1"]

1. d4 Nf6 2. c4 c5 3. d5 e6 4. Nc3 exd5 5. cxd5 d6 6. e4 g6 7. Nf3 Bg7 8. Bf4 0-0 9. Nd2 Re8 10. Be2 b6 11. 0-0 Ba6 12. Bxa6 Nxa6 13. h3 Qd7 14. Re1 b5 15. a4 Nb4 16. Nb3 bxa4 17. Na5 Nh5 18. Be3 Be5 19. Nc4 Bf4 20. Qd2 Bxe3 21. Rxe3 Rab8 22. Rxa4 Nf6 23. Ra1 a6 24. Rae1 Kg7 25. Nxd6 Qxd6 26. e5 Rxe5 27. Rxe5 c4 28. Re7 Nbxd5 29. R7e5 Rd8 30. Rxd5 Nxd5 31. Rd1 1-0

[Event "PER-ch"]
[Site "Lima"]
[Date "1994.??.??"]
[Round "2"]
[White "Fuentes, Moises"]
[Black "Belli, Mario"]
[Result "0-1"]
[WhiteElo "2380"]
[BlackElo "2410"]
[PlyCount "84"]
[EventDate "1994.??.??"]
[EventType "tourn"]
[EventRounds "11"]
[EventCountry "PER"]
[EventCategory "6"]
[SourceTitle "EXT 1997"]
[Source "ChessBase"]
[SourceDate "1996.11.15"]
[SourceVersion "1"]
[SourceVersionDate "1996.11.15"]
[SourceQuality "1"]

1. e4 e5 2. Nf3 Nc6 3. Bb5 g6 4. d4 exd4 5. Bxc6 dxc6 6. Qxd4 Qxd4 7. Nxd4 Bg7 8. c3 Bd7 9. Bg5 Nf6 10. Nd2 0-0 11. f3 c5 12. N4b3 b6 13. Nc4 Be6 14. Ne3 a5 15. Nd2 a4 16. a3 Nd7 17. Ke2 Rfe8 18. Rhd1 f5 19. h3 Nf6 20. Kf2 Nd7 21. exf5 gxf5 22. Ndf1 Ne5 23. Nd5 Bxd5 24. Rxd5 c4 25. Kg1 c6 26. Rd2 Nd3 27. Ng3 Ra5 28. Bh4 Rae5 29. Rf1 Bh6 30. Rc2 Kf7 31. f4 Bxf4 32. Nh5 Be3+ 33. Kh1 Kg6 34. Nf6 Ra8 35. g4 f4 36. g5 Rd8 37. Re2 Rb5 38. Rb1 Ne5 39. Ne4 Nf3 40. Bf2 Re5 41. Nf6 Bxf2 42. Rxf2 Rd3 0-1